000 00401nam a22001697a 4500
005 20251108170645.0
008 250721s1960 xx 000 0 eng d
082 1 4 _a962.64/MOO
100 1 _aMoorehead, Alan
245 1 4 _aThe White Nile /
264 1 _aLondon :
_bReprint Society,
_c1960.
300 _a390p : illus
650 1 7 _aSudan
650 1 7 _aHistory
942 _2ddc
_cBK
999 _c45883
_d45883